People in fact and fiction Selections adapted for students of English as a foreign language

Gespeichert in:
Bibliographische Detailangaben
1. Verfasser: Virgina French Allen
Format: Buch
Sprache:Undetermined
Veröffentlicht: New York Thomas Y. Crowell 1957
Schlagworte:
Tags: Tag hinzufügen
Keine Tags, Fügen Sie den ersten Tag hinzu!
Thư viện lưu trữ: Trung tâm Học liệu Trường Đại học Cần Thơ
LEADER 00578nam a2200193Ia 4500
001 CTU_738
008 210402s9999 xx 000 0 und d
082 |a 428 
082 |b A431/1957 
100 |a Virgina French Allen 
245 0 |a People in fact and fiction 
245 0 |b Selections adapted for students of English as a foreign language 
245 0 |c Virgina French Allen 
260 |a New York 
260 |b Thomas Y. Crowell 
260 |c 1957 
650 |a english language - readers 
904 |i Minh, 960806 
980 |a Trung tâm Học liệu Trường Đại học Cần Thơ